MARC

LEADER 00000nam0a2200000 4500
001 249101
005 20231101232439.0
035 |a (RuTPU)RU\TPU\book\271108 
035 |a RU\TPU\book\271104 
090 |a 249101 
100 |a 20140131d1987 km y0rusy50 ca 
101 0 |a rus 
102 |a RU 
105 |a a z 001zy 
200 1 |a Аэрогазодинамика  |e сборник статей  |f Томский государственный университет (ТГУ), Научно-исследовательский институт прикладной математики и механики (НИИПММ) ; под ред. Л. В. Комаровского 
210 |a Томск  |c Изд-во Томского ун-та  |d 1987 
215 |a 184 с.  |c ил. 
320 |a Библиогр.в конце статей. 
606 1 |a Аэрогазодинамика  |2 stltpush  |3 (RuTPU)RU\TPU\subj\29854  |9 53093 
610 1 |a газовая динамика 
610 1 |a задачи 
610 1 |a решение 
610 1 |a аналитические методы 
610 1 |a численные методы 
610 1 |a однофазные течения 
610 1 |a двухфазные течения 
610 1 |a численные расчеты 
610 1 |a сквозные схемы 
610 1 |a сопряженные задачи 
675 |a 533.6  |v 3 
702 1 |a Комаровский  |b Л. В.  |4 340 
712 0 2 |a Томский государственный университет (ТГУ)  |b Научно-исследовательский институт прикладной математики и механики (НИИПММ)  |2 stltpush  |3 (RuTPU)RU\TPU\col\2241 
801 1 |a RU  |b 63413507  |c 20140131 
801 2 |a RU  |b 63413507  |c 20180305  |g RCR 
942 |c BK